[Event "NCL978b Coulsdon-Bristol2"]
[Site "Rd11"]
[Date "1998.05.25"]
[Round "11.6"]
[White "Grossett, D."]
[Black "De Coverly, Roger"]
[Result "1-0"]
[WhiteElo "1912"]
[BlackElo "2090"]
[PlyCount "113"]
[EventDate "1998.05.25"]

1. d4 Nf6 2. Nf3 g6 3. Bg5 Bg7 4. e3 b6 5. Bd3 Bb7 6. Nbd2 O-O 7. O-O d6 8. e4
Nc6 9. c3 e5 10. Re1 a6 11. Nf1 h6 12. Bh4 g5 13. Bg3 Nh5 14. Bc2 Nxg3 15. Nxg3
g4 16. d5 Nb8 17. Nd2 Qg5 18. Ndf1 Nd7 19. Nf5 Nf6 20. Re3 Bc8 21. Ne7+ Kh8 22.
Nxc8 Raxc8 23. Ng3 h5 24. Nf5 Ng8 25. h3 Nh6 26. hxg4 hxg4 27. Rg3 Rg8 28. Bd3
Bf6 29. Nxh6 Qxh6 30. Bxa6 {#} Rg5 31. Bxc8 Rh5 32. Kf1 Rh1+ 33. Ke2 Rxd1 34.
Rxd1 Bg5 35. Bxg4 Kg8 36. Rh3 Qf6 37. Bf5 Bh6 38. Rdh1 Bg7 39. Rg3 Kf8 40. Rh7
Bh6 41. c4 Bc1 42. Rgg7 Qxg7 43. Rxg7 Kxg7 44. b3 Ba3 45. Kd3 Bc5 46. f3 Kf6
47. Kc3 Kg5 48. b4 Bd4+ 49. Kb3 Kf4 50. Ka4 Ke3 51. Kb5 Kd3 52. a4 f6 53. a5
bxa5 54. bxa5 Bc5 55. a6 Bb6 56. Kc6 Kxc4 57. Kb7 1-0

[Event "NCL978b Coulsdon-Bristol2"]
[Site "Rd11"]
[Date "1998.05.25"]
[Round "11.7"]
[White "McGrath, J."]
[Black "Sellars, Martyn"]
[Result "1/2-1/2"]
[WhiteElo "2072"]
[BlackElo "1920"]
[PlyCount "51"]
[EventDate "1998.05.25"]

1. c4 e5 2. Nc3 Nc6 3. Nf3 Nf6 4. d4 exd4 5. Nxd4 g6 6. Bg5 Bg7 7. g3 h6 8. Be3
O-O 9. Bg2 Nxd4 10. Bxd4 a6 11. O-O d6 12. Rc1 Re8 13. Re1 Rb8 14. Nd5 c5 15.
Bxf6 Bxf6 16. Nxf6+ Qxf6 17. Qd2 b5 18. cxb5 axb5 19. Red1 Rb6 20. Rc3 b4 21.
Rf3 Qg7 22. Re3 Rxe3 23. Qxe3 Be6 24. b3 Ra6 25. Bd5 Bxd5 26. Rxd5 1/2-1/2

[Event "NCL978b Coulsdon-Bristol2"]
[Site "Rd11"]
[Date "1998.05.25"]
[Round "11.8"]
[White "Tidman, Sophie"]
[Black "Turvey, Syringa"]
[Result "1-0"]
[WhiteElo "1576"]
[BlackElo "1552"]
[PlyCount "61"]
[EventDate "1998.05.25"]

1. e4 c5 2. Nf3 d6 3. d4 cxd4 4. Nxd4 Nf6 5. Nc3 a6 6. f3 e6 7. g4 b5 8. g5 b4
9. gxf6 bxc3 10. fxg7 Bxg7 11. Rg1 Qh4+ 12. Ke2 Qxh2+ 13. Rg2 Qe5 14. bxc3 Bd7
15. Qd3 Nc6 16. Be3 Rb8 17. Rg5 Nxd4+ 18. cxd4 Qf6 19. e5 dxe5 20. dxe5 Qh6 21.
Bg2 {#} Bxe5 22. Rxe5 Qg7 23. Kf2 Rd8 24. Qe4 h6 25. Bd4 Qf8 26. Bh3 Rc8 27.
Bxe6 fxe6 28. Rxe6+ Bxe6 29. Qxe6+ Kd8 30. Bb6+ Rc7 31. Rd1+ 1-0

[Event "NCL978b Kings Head-Invicta2"]
[Site "Rd11"]
[Date "1998.05.25"]
[Round "11.1"]
[White "Thomas, Richard"]
[Black "Ivanov, Alexei"]
[Result "1/2-1/2"]
[WhiteElo "2310"]
[BlackElo "2440"]
[PlyCount "81"]
[EventDate "1998.05.25"]

1. c4 e5 2. Nc3 Bb4 3. g3 Nc6 4. Bg2 Nge7 5. e3 Bxc3 6. dxc3 O-O 7. e4 d6 8.
Nf3 Be6 9. b3 h6 10. O-O a5 11. a4 Nb8 12. Ne1 Nd7 13. Nc2 Nc5 14. Ne3 Qd7 15.
Re1 Rfd8 16. Ra2 c6 17. Ba3 b5 18. axb5 cxb5 19. Bxc5 dxc5 20. Qxd7 Rxd7 21.
Bf1 b4 22. cxb4 cxb4 23. Nd5 Rda7 24. Rea1 Kf8 25. Nxb4 Rb8 26. Nd3 Nc6 27. f4
Rxb3 28. Nxe5 Nxe5 29. fxe5 Rb4 30. Ra4 Rxa4 31. Rxa4 Bd7 32. Ra2 a4 33. Kf2
Ra5 34. Ke3 Rxe5 35. Kd4 f6 36. Bd3 Ke7 37. c5 Bc6 38. Rb2 Kd7 39. Rb6 Re8 40.
Rb2 Kc7 41. Bc2 1/2-1/2

[Event "NCL978b Kings Head-Invicta2"]
[Site "Rd11"]
[Date "1998.05.25"]
[Round "11.2"]
[White "Ledger, Andrew"]
[Black "O'Shaughnessy, Conor"]
[Result "1-0"]
[WhiteElo "2460"]
[BlackElo "2210"]
[PlyCount "63"]
[EventDate "1998.05.25"]

1. e4 c5 2. Nc3 Nc6 3. g3 g6 4. d3 Bg7 5. Be3 d6 6. Qd2 Rb8 7. Bg2 b5 8. Nge2
b4 9. Nd1 h5 10. h3 Nf6 11. f4 Qb6 12. Bf2 e6 13. Ne3 a5 14. Nc4 Qc7 15. e5
dxe5 16. Bxc5 Bf8 17. Bxf8 Kxf8 18. fxe5 Nxe5 19. Qf4 Nfd7 20. Nd4 Kg8 21. Nc6
Rb5 22. O-O-O Rh7 23. Ne7+ Kh8 24. Nxc8 Qxc8 25. Nd6 Qc5 26. Nxb5 Qxb5 27. d4
Nc4 28. Bf1 Qd5 29. Bxc4 Qxc4 30. Qd6 f5 31. Kb1 Rf7 32. d5 1-0

[Event "NCL978b Kings Head-Invicta2"]
[Site "Rd11"]
[Date "1998.05.25"]
[Round "11.3"]
[White "Berry, Steve"]
[Black "Vigus, James"]
[Result "1/2-1/2"]
[WhiteElo "2290"]
[BlackElo "2260"]
[PlyCount "75"]
[EventDate "1998.05.25"]

1. e4 d6 2. d4 Nf6 3. Nc3 g6 4. Be3 Bg7 5. Qd2 c6 6. Nf3 Bg4 7. Be2 O-O 8. h3
Bxf3 9. Bxf3 Nbd7 10. O-O Qc7 11. a4 Rad8 12. g3 e5 13. Bg2 Rfe8 14. Rae1 a6
15. f4 Nh5 16. Kh2 exd4 17. Bxd4 Bxd4 18. Qxd4 Qb6 19. Qxb6 Nxb6 20. b3 a5 21.
Rd1 Nf6 22. Rf2 Re7 23. Rfd2 Ne8 24. Bf3 h6 25. Kg2 Kg7 26. Kf2 Rb8 27. h4 Nd7
28. h5 Nc5 29. hxg6 fxg6 30. Re1 Kf6 31. Bg4 Kg7 32. Bh3 Nf6 33. Rde2 Rbe8 34.
Kf3 Kg8 35. Re3 Kg7 36. Bf1 Kg8 37. Bh3 Kg7 38. Bf1 1/2-1/2

[Event "NCL978b Kings Head-Invicta2"]
[Site "Rd11"]
[Date "1998.05.25"]
[Round "11.4"]
[White "Alfred, Nathan"]
[Black "McMichael, Rick"]
[Result "1/2-1/2"]
[WhiteElo "2225"]
[BlackElo "2200"]
[PlyCount "33"]
[EventDate "1998.05.25"]

1. e4 e6 2. d4 d5 3. Nc3 dxe4 4. Nxe4 Bd7 5. Nf3 Bc6 6. Bd3 Nd7 7. O-O Be7 8.
Re1 Ngf6 9. Qe2 Nxe4 10. Bxe4 Bxe4 11. Qxe4 c6 12. c3 O-O {(Draw offer)} 13.
Ne5 Nxe5 14. dxe5 Qb6 15. b4 a5 16. Be3 Qc7 17. a3 1/2-1/2

[Event "NCL978b Kings Head-Invicta2"]
[Site "Rd11"]
[Date "1998.05.25"]
[Round "11.6"]
[White "Connolly, Suzanne"]
[Black "Gilfillan, Andrew"]
[Result "0-1"]
[WhiteElo "2100"]
[BlackElo "2096"]
[PlyCount "82"]
[EventDate "1998.05.25"]

1. e4 d5 2. exd5 Nf6 3. d4 Bg4 4. Nf3 Qxd5 5. Be2 e6 6. O-O c6 7. c4 Qa5 8. Bf4
Nbd7 9. Nbd2 Be7 10. a3 O-O 11. h3 Bh5 12. Qc2 Bg6 13. Bd3 c5 14. Bxg6 hxg6 15.
dxc5 Qxc5 16. b4 Qh5 17. Rfe1 Rfc8 18. Rac1 a5 19. Qb3 axb4 20. axb4 Qf5 21.
Bh2 g5 22. Ne5 Nxe5 23. Rxe5 Qg6 24. Rb5 Ne4 25. Nxe4 Qxe4 26. Bg3 Bf6 27. Qc2
Qd4 28. Rxb7 Ra3 29. Kh1 g4 30. h4 Rd3 31. Qa4 Rd8 32. Qa7 Rd1+ 33. Rxd1 Qxd1+
34. Kh2 Qf1 35. Rd7 Rf8 36. c5 g5 37. Bd6 gxh4 38. c6 h3 39. gxh3 gxh3 40. Kg3
Qg2+ 41. Kf4 Bg5+ {
(White's 38th not given on either scoresheet but text seems most likely)} 0-1

[Event "NCL978b Kings Head-Invicta2"]
[Site "Rd11"]
[Date "1998.05.25"]
[Round "11.7"]
[White "Compton, Alastair"]
[Black "Richards, Heather"]
[Result "1-0"]
[WhiteElo "1828"]
[BlackElo "1880"]
[PlyCount "35"]
[EventDate "1998.05.25"]

1. e4 e6 2. d4 d5 3. Nc3 Nf6 4. e5 Ne4 5. Nxe4 dxe4 6. Bc4 c6 7. Ne2 b5 8. Bb3
c5 9. c3 Bb7 10. O-O Be7 11. Ng3 cxd4 12. cxd4 O-O 13. Be3 Bh4 14. Qg4 Re8 15.
Nxe4 h5 16. Qf4 Nd7 17. Nd6 Rf8 18. Nxb7 1-0

[Event "NCL978b Kings Head-Invicta2"]
[Site "Rd11"]
[Date "1998.05.25"]
[Round "11.8"]
[White "Stille, Alex"]
[Black "Suzuki, Layla"]
[Result "1-0"]
[WhiteElo "1840"]
[BlackElo "1120"]
[PlyCount "51"]
[EventDate "1998.05.25"]

1. e4 e6 2. d4 d5 3. Nd2 c5 4. exd5 exd5 5. Ngf3 Nf6 6. dxc5 Bxc5 7. Nb3 Be7 8.
Bd3 O-O 9. O-O Nc6 10. c3 b6 11. Bg5 Bg4 12. h3 Be6 13. Re1 Rc8 14. a4 h6 15.
Bf4 Nh5 16. Bh2 Nf6 17. Ba6 Bd6 18. Bxd6 Qxd6 19. Bxc8 Rxc8 20. Nbd4 Nxd4 21.
Nxd4 Bd7 22. Qf3 g6 23. Qd3 Kg7 24. a5 Kg8 25. axb6 Qxb6 26. Ra6 1-0

[Event "4NCL-9899A BA1-BA2"]
[Site "Rd1-Warwick"]
[Date "1998.10.24"]
[Round "1.1"]
[White "Kopec, Danny"]
[Black "Crouch, Colin"]
[Result "1/2-1/2"]
[WhiteElo "2400"]
[BlackElo "2410"]
[PlyCount "67"]
[EventDate "1998.10.24"]

1. e4 Nf6 2. e5 Nd5 3. Nc3 Nxc3 4. dxc3 Nc6 5. Nf3 d6 6. Bb5 e6 7. Bf4 Be7 8.
Qe2 a6 9. Bxc6+ bxc6 10. Rd1 d5 11. h4 Bd7 12. Bg5 O-O 13. Rd4 f5 14. exf6 gxf6
15. Bh6 Rf7 16. Rg4+ Kh8 17. Rf4 Be8 18. Qxe6 Bd6 19. Rg4 Qe7 20. Qxe7 Rxe7+
21. Kd2 Bd7 22. Ra4 c5 23. Ra5 Bb5 24. a4 Bd7 25. Re1 Rxe1 26. Nxe1 c6 27. Nd3
Bc7 28. Rxc5 Bb6 29. Be3 Bxc5 30. Nxc5 Bc8 31. a5 Kg7 32. g3 Kf7 33. Bf4 Bg4
34. b4 1/2-1/2

[Event "4NCL-9899A BA1-BA2"]
[Site "Rd1-Warwick"]
[Date "1998.10.24"]
[Round "1.2"]
[White "Lewis, Andrew P"]
[Black "Rogers, Jonathan"]
[Result "1/2-1/2"]
[WhiteElo "2275"]
[BlackElo "2355"]
[PlyCount "74"]
[EventDate "1998.10.24"]

1. c4 e6 2. Nf3 f5 3. g3 Nf6 4. Bg2 Be7 5. O-O O-O 6. b3 Ne4 7. Bb2 Bf6 8. Qc1
Nc6 9. d3 Bxb2 10. Qxb2 Qf6 11. Qxf6 Nxf6 12. Nc3 d6 13. Rab1 Bd7 14. Rfc1 a6
15. b4 h6 16. d4 Rae8 17. e3 Nd8 18. a4 g5 19. a5 f4 20. exf4 gxf4 21. b5 fxg3
22. hxg3 Ng4 23. Rb2 Kg7 24. Ne4 Nf7 25. Nh2 Nxh2 26. Kxh2 Rb8 27. Kg1 Rfc8 28.
Rcb1 axb5 29. cxb5 Ra8 30. Ra2 Ra7 31. a6 Rca8 32. Nc3 d5 33. Nxd5 exd5 34.
Bxd5 Rd8 35. axb7 Rxa2 36. Bxa2 Nd6 37. b6 c6 1/2-1/2

[Event "4NCL-9899A BA1-BA2"]
[Site "Rd1-Warwick"]
[Date "1998.10.24"]
[Round "1.3"]
[White "Pritchett, Craig"]
[Black "Pert, Richard"]
[Result "1/2-1/2"]
[WhiteElo "2355"]
[BlackElo "2240"]
[PlyCount "42"]
[EventDate "1998.10.24"]

1. Nf3 d6 2. d4 Bg4 3. e4 Nd7 4. Bc4 e6 5. h3 Bh5 6. Nc3 c6 7. Qe2 Be7 8. g4
Bg6 9. h4 d5 10. exd5 exd5 11. Bb3 h5 12. g5 Qc7 13. Bd2 O-O-O 14. O-O-O Bd6
15. Rde1 Ne7 16. Nd1 Be4 17. c3 Ng6 18. Bc2 Rhe8 19. Bxe4 dxe4 20. Ng1 Bf4 21.
Ne3 Bd6 1/2-1/2

[Event "4NCL-9899A BA1-BA2"]
[Site "Rd1-Warwick"]
[Date "1998.10.24"]
[Round "1.4"]
[White "Duncan, Chris"]
[Black "Hansen, Carsten"]
[Result "1/2-1/2"]
[WhiteElo "2265"]
[BlackElo "2310"]
[PlyCount "53"]
[EventDate "1998.10.24"]

1. c4 c5 2. Nf3 g6 3. d4 cxd4 4. Nxd4 Nc6 5. e4 Nf6 6. Nc3 d6 7. Be2 Nxd4 8.
Qxd4 Bg7 9. Bg5 O-O 10. Qd2 Be6 11. O-O Qa5 12. Rad1 Rfc8 13. b3 Kf8 14. f4 Rc5
15. Bf3 Rxg5 16. fxg5 Nd7 17. Nd5 Qxd2 18. Rxd2 Bxd5 19. cxd5 Bc3 20. Rc2 Bd4+
21. Kh1 Bc5 22. Rfc1 a5 23. g3 Ne5 24. Kg2 b6 25. Be2 Kg7 26. h4 Rh8 27. Rh1
1/2-1/2

[Event "4NCL-9899A BA1-BA2"]
[Site "Rd1-Warwick"]
[Date "1998.10.24"]
[Round "1.5"]
[White "Dishman, Stephen"]
[Black "Sands, David"]
[Result "1-0"]
[WhiteElo "2365"]
[BlackElo "2245"]
[PlyCount "103"]
[EventDate "1998.10.24"]

1. d4 e6 2. Nf3 Nf6 3. Bg5 c5 4. e3 cxd4 5. exd4 b6 6. Nbd2 Bb7 7. Bd3 Be7 8.
O-O O-O 9. Re1 d6 10. Bxf6 Bxf6 11. Ne4 Be7 12. c3 Nd7 13. Qe2 Re8 14. h4 Bxe4
15. Qxe4 Nf6 16. Qf4 Bf8 17. Rad1 Rc8 18. Ng5 Re7 19. d5 e5 20. Qf5 e4 21. Rxe4
Rxe4 22. Nxe4 Nxe4 23. Qxe4 g6 24. h5 Qe8 25. hxg6 hxg6 26. Re1 Qxe4 27. Rxe4
Bh6 28. Bb5 Bc1 29. Re2 Kg7 30. g3 Bg5 31. Kg2 Bf6 32. Re4 Be5 33. Bc6 Bf6 34.
Kf3 Kh7 35. Ke2 g5 36. Kd3 Be5 37. f4 gxf4 38. gxf4 Bf6 39. Kc4 a6 40. Kd3 Rb8
41. Ra4 a5 42. b4 axb4 43. cxb4 Rg8 44. Ra7 Kg6 45. a4 Kf5 46. Rxf7 Rg3+ 47.
Kc4 Rf3 48. Kb5 Rxf4 49. a5 bxa5 50. bxa5 Kg6 51. Rxf6+ Kxf6 52. a6 1-0

[Event "4NCL-9899A BA1-BA2"]
[Site "Rd1-Warwick"]
[Date "1998.10.24"]
[Round "1.6"]
[White "Kenworthy, Gary"]
[Black "Williamson, Paul"]
[Result "1-0"]
[WhiteElo "2275"]
[BlackElo "2170"]
[PlyCount "82"]
[EventDate "1998.10.24"]

1. c4 Nf6 2. g3 c6 3. Bg2 d5 4. b3 g6 5. Bb2 Bg7 6. Nf3 O-O 7. O-O Re8 8. d3
Bg4 9. Nbd2 Nbd7 10. h3 Bxf3 11. Nxf3 Nh5 12. Bxg7 Nxg7 13. d4 Nf5 14. Qc2 Nf6
15. Rfd1 Rc8 16. c5 e6 17. b4 Qc7 18. e3 Nd7 19. a4 a6 20. Qb2 Ra8 21. Rdc1
Reb8 22. Ra3 Ne7 23. Rb3 f6 24. h4 Kf7 25. Bh3 b5 26. Ra1 Ra7 27. axb5 axb5 28.
Rxa7 Qxa7 29. Ra3 Qc7 30. Qa2 Rb7 31. e4 Nf8 32. e5 f5 33. Ng5+ Kg7 34. Ra8 Rb8
35. Qa7 Qxa7 36. Rxa7 Re8 37. Bf1 h6 38. Nf3 Kf7 39. Nd2 Rb8 40. Nb3 Ke8 41.
Na5 h5 1-0

[Event "4NCL-9899A BA1-BA2"]
[Site "Rd1-Warwick"]
[Date "1998.10.24"]
[Round "1.7"]
[White "Haslinger, Stewart"]
[Black "Palliser, Richard"]
[Result "1-0"]
[WhiteElo "2225"]
[BlackElo "2175"]
[PlyCount "61"]
[EventDate "1998.10.24"]

1. e4 c5 2. Nf3 Nc6 3. d4 cxd4 4. Nxd4 g6 5. c4 Nf6 6. Nc3 d6 7. Be2 Nxd4 8.
Qxd4 Bg7 9. O-O O-O 10. Qd3 a6 11. Be3 Bd7 12. a4 a5 13. c5 Bc6 14. cxd6 Qxd6
15. Qxd6 exd6 16. f3 Rfe8 17. Nb5 Bxb5 18. Bxb5 Rec8 19. Rac1 Ne8 20. Rxc8 Rxc8
21. b3 Kf8 22. Bb6 Rc2 23. Bxa5 Bd4+ 24. Kh1 Nc7 25. Bd3 Rc6 26. Bc4 Ne6 27. g3
h5 28. Rd1 Be5 29. Bb4 Nc5 30. Rd5 Bf6 31. Bxc5 1-0

[Event "4NCL-9899A BR-IK"]
[Site "Rd1-Warwick"]
[Date "1998.10.24"]
[Round "1.2"]
[White "Ledger, Andrew"]
[Black "Mah, Karl"]
[Result "1/2-1/2"]
[WhiteElo "2450"]
[BlackElo "2330"]
[PlyCount "59"]
[EventDate "1998.10.24"]

1. e4 c5 2. Nc3 Nc6 3. g3 g6 4. d3 Bg7 5. Be3 d6 6. Qd2 Rb8 7. Bg2 b5 8. Nge2
Nd4 9. O-O e6 10. Nc1 Ne7 11. Nd1 b4 12. c3 bxc3 13. bxc3 Ndc6 14. Bh6 O-O 15.
Bxg7 Kxg7 16. Ne3 d5 17. Nb3 Qd6 18. Rad1 Ba6 19. exd5 Nxd5 20. Nxd5 exd5 21.
Rfe1 Rfd8 22. d4 cxd4 23. Nxd4 Bc4 24. Nxc6 Qxc6 25. Re7 a6 26. Rde1 Qf6 27.
R7e5 Rb1 28. Rxb1 Qxe5 29. Re1 Qf6 30. a3 1/2-1/2

[Event "4NCL-9899A BR-IK"]
[Site "Rd1-Warwick"]
[Date "1998.10.24"]
[Round "1.4"]
[White "Vigus, James"]
[Black "Beaumont, Chris"]
[Result "1-0"]
[WhiteElo "2290"]
[BlackElo "2330"]
[PlyCount "53"]
[EventDate "1998.10.24"]

1. g3 g6 2. Bg2 Bg7 3. c4 c5 4. Nc3 Nc6 5. Nf3 a6 6. e3 b5 7. d4 Nf6 8. dxc5
bxc4 9. Qa4 a5 10. Nd4 O-O 11. O-O Ba6 12. Nxc6 dxc6 13. Qxc6 Ra7 14. e4 Ng4
15. Qb6 Qc7 16. Rd1 Rb8 17. Nd5 Rxb6 18. Nxc7 Rb8 19. Nxa6 Rxa6 20. h3 c3 21.
bxc3 Bxc3 22. Bf4 e5 23. Rac1 Bb2 24. c6 Raa8 25. c7 Rc8 26. Rc2 Ba3 27. Bg5
1-0

[Event "4NCL-9899A BR-IK"]
[Site "Rd1-Warwick"]
[Date "1998.10.24"]
[Round "1.5"]
[White "Cobb, Charles"]
[Black "Hanreck, Alan"]
[Result "1-0"]
[WhiteElo "2275"]
[BlackElo "2275"]
[PlyCount "109"]
[EventDate "1998.10.24"]

1. e4 c5 2. Nf3 d6 3. d4 cxd4 4. Nxd4 Nf6 5. Nc3 a6 6. Be2 e5 7. Nb3 Be7 8. O-O
O-O 9. Be3 Be6 10. Nd5 Nbd7 11. Qd3 Bxd5 12. exd5 Nc5 13. Nxc5 dxc5 14. c4 a5
15. f4 e4 16. Qd2 Qc7 17. g4 Bd6 18. Rf2 Nd7 19. Raf1 Rae8 20. Rg2 f6 21. Bd1
Re7 22. Qc3 Rff7 23. Bc2 Nf8 {(draw offer)} 24. Qd2 Ng6 25. Qf2 f5 26. g5 Re8
27. h4 Nf8 28. Ba4 Rc8 29. Qe1 Ng6 30. Qg3 Nf8 31. h5 Qe7 32. Re1 Qc7 33. a3
Ra8 34. Rf1 Qe7 35. Qh3 Qc7 36. Qh4 Qd8 37. Qg3 Qc7 38. Ra1 Rc8 39. Kh1 Ra8 40.
Kg1 Rc8 41. Rb1 Ra8 42. Kh1 Rc8 43. Rbg1 Qe7 44. g6 hxg6 45. hxg6 Rf6 46. Qh3
Qc7 47. Qh4 Rd8 48. Bd2 Be7 49. Qh5 Qd6 50. Rg3 Rb8 51. Bc3 Qxf4 52. Bxf6 Bxf6
53. Rh3 Qh6 54. Qxf5 Qd2 55. Bd7 1-0

[Event "4NCL-9899A BR-IK"]
[Site "Rd1-Warwick"]
[Date "1998.10.24"]
[Round "1.6"]
[White "Alfred, Nathan"]
[Black "Collier, David"]
[Result "0-1"]
[WhiteElo "2235"]
[BlackElo "2245"]
[PlyCount "88"]
[EventDate "1998.10.24"]

1. e4 c5 2. Nf3 d6 3. d4 cxd4 4. Nxd4 Nf6 5. Nc3 a6 6. Bg5 e6 7. f4 Qc7 8. Qf3
Nc6 9. O-O-O Nxd4 10. Rxd4 b5 11. e5 Bb7 12. Qd3 Nd5 13. Nxd5 Bxd5 14. Rxd5
exd5 15. Qxd5 Rc8 16. Bd3 Qc6 17. Qd4 Qc5 18. Qe4 dxe5 19. fxe5 Be7 20. Be3 Qc6
21. Qg4 g6 22. Bh6 Qe6 23. Qf4 Rc5 24. Re1 f5 25. Re2 Bf8 26. Bg5 Bg7 27. Qd4
Rd5 28. Qa7 O-O 29. Bf6 Rd7 30. Qc5 Rxd3 31. Bxg7 Kxg7 32. cxd3 Rc8 33. b4
Rxc5+ 34. bxc5 Qd5 35. Rc2 Qxe5 36. c6 Qc7 37. d4 Kf6 38. d5 Ke5 39. Rd2 Kd6
40. Kd1 Qg7 41. h3 Qe5 42. Kc2 f4 43. Kd1 g5 44. Kc2 h5 0-1

[Event "4NCL-9899A BR-IK"]
[Site "Rd1-Warwick"]
[Date "1998.10.24"]
[Round "1.7"]
[White "Moskovic, David"]
[Black "Flear, Christine"]
[Result "1/2-1/2"]
[WhiteElo "2235"]
[BlackElo "2230"]
[PlyCount "66"]
[EventDate "1998.10.24"]

1. e4 c5 2. Nf3 Nc6 3. d4 cxd4 4. Nxd4 Qc7 5. Nc3 e6 6. f4 a6 7. Nxc6 Qxc6 8.
Bd3 b5 9. Qe2 Bb7 10. Bd2 Bc5 11. O-O-O Ne7 12. a3 O-O 13. Rhf1 Qc7 14. f5 f6
15. Qh5 exf5 16. exf5 Nd5 17. Nxd5 Bxd5 18. Rf4 Bf7 19. Qh3 Rfe8 20. Rg4 h5 21.
Rg3 Bd6 22. Rf3 Rac8 23. g4 Re2 24. Rh1 Bd5 25. c3 Re7 26. gxh5 Bxf3 27. Qxf3
Qc6 28. Qf1 Qd5 29. h6 Bxa3 30. bxa3 Qa2 31. Qd1 Qa1+ 32. Kc2 Qa2+ 33. Kc1 Qa1+
1/2-1/2

[Event "4NCL-9899A BR-IK"]
[Site "Rd1-Warwick"]
[Date "1998.10.24"]
[Round "1.8"]
[White "Howell, Chris"]
[Black "Howard, Marieanne"]
[Result "1-0"]
[WhiteElo "2150"]
[BlackElo "1472"]
[PlyCount "47"]
[EventDate "1998.10.24"]

1. e4 e6 2. d4 d5 3. e5 c5 4. c3 Nc6 5. Nf3 Qb6 6. a3 a5 7. Bd3 Bd7 8. O-O cxd4
9. cxd4 Nxd4 10. Nxd4 Qxd4 11. Qe2 Qb6 12. Be3 Bc5 13. Bxc5 Qxc5 14. Nc3 Ne7
15. Rac1 Qb6 16. Rc2 O-O 17. Qh5 h6 18. Re1 d4 19. Ne4 Nd5 20. Nf6+ gxf6 21.
exf6 Rfc8 22. Qg4+ Kf8 23. Qg7+ Ke8 24. Qg8# 1-0

[Event "4NCL-9899A RIC-BCM"]
[Site "Rd1-Warwick"]
[Date "1998.10.24"]
[Round "1.1"]
[White "Bates, Richard"]
[Black "Chandler, Murray"]
[Result "1/2-1/2"]
[WhiteElo "2395"]
[BlackElo "2520"]
[PlyCount "106"]
[EventDate "1998.10.24"]

1. d4 Nf6 2. Nf3 d5 3. g3 Bf5 4. Bg2 e6 5. O-O h6 6. c4 c6 7. b3 Nbd7 8. Bb2
Bd6 9. Nc3 O-O 10. Nd2 Qe7 11. e4 dxe4 12. Ndxe4 Ba3 13. Nxf6+ Nxf6 14. Qc1
Bxb2 15. Qxb2 Rfd8 16. Rad1 Rac8 17. Rfe1 Qc7 18. h3 Rd7 19. Qe2 Rcd8 20. Qe3
Qa5 21. Re2 Bg6 22. Red2 Bh5 23. g4 Bg6 24. f4 Re8 25. Bf3 Rdd8 26. Kg2 Qb4 27.
Ne2 a5 28. Ng3 a4 29. h4 axb3 30. axb3 Ra8 31. h5 Bh7 32. g5 Nd7 33. Be4 Bxe4+
34. Nxe4 hxg5 35. fxg5 Ra3 36. Rd3 Ra2+ 37. R1d2 Rea8 38. h6 gxh6 39. gxh6 Kh8
40. c5 Rg8+ 41. Kh2 Qa5 42. Rxa2 Qxa2+ 43. Rd2 Qb1 44. Rg2 Rxg2+ 45. Kxg2 Nf6
46. Nxf6 {(draw offer)} Qg6+ 47. Qg3 Qxf6 48. Qb8+ Kh7 49. Qxb7 Qg6+ 50. Kf2
Qc2+ 51. Ke3 Qc3+ 52. Ke2 Qc2+ 53. Ke3 Kxh6 1/2-1/2

[Event "4NCL-9899A RIC-BCM"]
[Site "Rd1-Warwick"]
[Date "1998.10.24"]
[Round "1.2"]
[White "Mestel, Jonathan"]
[Black "Wall, Gavin"]
[Result "1-0"]
[WhiteElo "2485"]
[BlackElo "2355"]
[PlyCount "53"]
[EventDate "1998.10.24"]

1. c4 c5 2. Nf3 Nc6 3. g3 g6 4. Bg2 Bg7 5. Nc3 d6 6. a3 Nf6 7. Rb1 a5 8. O-O
O-O 9. b3 Bf5 10. d3 Qd7 11. Re1 Bh3 12. Bh1 h6 13. Bb2 Rae8 14. d4 b6 15. d5
Nd8 16. Qd2 Qg4 17. e4 Nd7 18. Nb5 Nb7 19. Nh4 Qh5 20. f4 Bxb2 21. Rxb2 Kh7 22.
Qd3 f6 23. Bf3 Bg4 24. Bg2 e5 25. dxe6 Bxe6 26. Nc7 Re7 27. Nxe6 1-0

[Event "4NCL-9899A RIC-BCM"]
[Site "Rd1-Warwick"]
[Date "1998.10.24"]
[Round "1.3"]
[White "Quinn, Mark"]
[Black "Pedersen, Steffen"]
[Result "1-0"]
[WhiteElo "2350"]
[BlackElo "2435"]
[PlyCount "87"]
[EventDate "1998.10.24"]

1. Nf3 Nf6 2. d4 d5 3. c4 c6 4. Bf4 dxc4 5. Nbd2 Bf5 6. e3 b5 7. Ne5 e6 8. g4
Bg6 9. Bg2 Nd5 10. Bg3 Nd7 11. Nxg6 hxg6 12. O-O N7b6 13. Ne4 Be7 14. Qe2 O-O
15. Rad1 a5 16. Nc5 a4 17. e4 Nf6 18. a3 Qc8 19. f4 c3 20. bxc3 Nc4 21. Bf3 Rd8
22. g5 Nd7 23. Nd3 Bxa3 24. h4 c5 25. h5 cxd4 26. hxg6 fxg6 27. cxd4 Nf8 28.
Bf2 Qd7 29. Kg2 Qe7 30. Rh1 Rac8 31. Kg3 Bd6 32. e5 Ba3 33. Nc5 Bb2 34. Ne4 a3
35. Nf6+ Kf7 36. d5 exd5 37. Bxd5+ Ne6 38. Rh7 a2 39. f5 Qa3+ 40. Rd3 Bxe5+ 41.
Kg2 a1=Q 42. Bxe6+ Kf8 43. Rh8+ Ke7 44. Re8+ 1-0

[Event "4NCL-9899A RIC-BCM"]
[Site "Rd1-Warwick"]
[Date "1998.10.24"]
[Round "1.4"]
[White "Friedgood, David"]
[Black "Williams, Simon"]
[Result "0-1"]
[WhiteElo "2240"]
[BlackElo "2335"]
[PlyCount "60"]
[EventDate "1998.10.24"]

1. Nf3 e6 2. g3 f5 3. Bg2 Nf6 4. O-O Be7 5. b3 O-O 6. Bb2 a5 7. a3 d6 8. d4 Nc6
9. c4 Qe8 10. d5 Nd8 11. dxe6 Nxe6 12. Nc3 c6 13. Nd4 Ng5 14. e3 Bd8 15. Nc2
Bc7 16. Kh1 Ng4 17. f4 Qh5 18. h4 Nf7 19. Bf3 Nfh6 20. Qd4 Qg6 21. Kg2 Bd8 22.
Rh1 Bf6 23. Qd2 Ne5 24. fxe5 Bxe5 25. Ne1 Qxg3+ 26. Kf1 f4 27. Ne4 fxe3 28.
Qxe3 Ng4 29. Qe2 Qf4 30. Bxe5 dxe5 {time} 0-1

[Event "4NCL-9899A RIC-BCM"]
[Site "Rd1-Warwick"]
[Date "1998.10.24"]
[Round "1.5"]
[White "Phillips, Roy"]
[Black "Lyell, Mark"]
[Result "1-0"]
[WhiteElo "2245"]
[BlackElo "2225"]
[PlyCount "63"]
[EventDate "1998.10.24"]

1. e4 e5 2. Nf3 Nc6 3. d4 exd4 4. Nxd4 Nf6 5. Nc3 Bb4 6. Nxc6 bxc6 7. Bd3 O-O
8. O-O Re8 9. Re1 d5 10. Bd2 d4 11. Ne2 Bd6 12. Ng3 Ng4 13. h3 Bxg3 14. hxg4
Bxf2+ 15. Kxf2 Qh4+ 16. Kg1 Bxg4 17. Qc1 Bf3 18. Bf4 Qg4 19. Qd2 Bxg2 20. Qxg2
Qxf4 21. Re2 Re5 22. Rf1 Qh4 23. Qf3 f6 24. Rh2 Rg5+ 25. Kh1 Qg4 26. Qxg4 Rxg4
27. e5 g6 28. Rxf6 Re8 29. Bc4+ Kh8 30. e6 Re7 31. Rhf2 Re4 32. Rf7 1-0

[Event "4NCL-9899A RIC-BCM"]
[Site "Rd1-Warwick"]
[Date "1998.10.24"]
[Round "1.6"]
[White "Anderton, David"]
[Black "Johnstone, Paul"]
[Result "1/2-1/2"]
[WhiteElo "2205"]
[BlackElo "2300"]
[PlyCount "43"]
[EventDate "1998.10.24"]

1. d4 d5 2. c4 Nc6 3. Nc3 dxc4 4. d5 Ne5 5. Bf4 Ng6 6. Bg3 e5 7. e4 Bd6 8. Bxc4
c6 9. Nge2 Nf6 10. a4 Nh5 11. O-O Qg5 12. Kh1 Nxg3+ 13. fxg3 h5 14. Qc1 Qe7 15.
h3 O-O 16. Bd3 h4 17. g4 b6 18. Rf3 Bd7 19. Nd1 Nf4 20. Nxf4 exf4 21. Nc3 Qe5
22. Qf1 1/2-1/2

[Event "4NCL-9899A RIC-BCM"]
[Site "Rd1-Warwick"]
[Date "1998.10.24"]
[Round "1.7"]
[White "Edwards, Ray"]
[Black "Bates, Ruth"]
[Result "1-0"]
[WhiteElo "2064"]
[BlackElo "2035"]
[PlyCount "131"]
[EventDate "1998.10.24"]

1. d4 g6 2. e4 Bg7 3. Nc3 c6 4. g3 d6 5. Bg2 Nf6 6. a4 a5 7. Nge2 O-O 8. O-O e5
9. h3 Na6 10. Be3 Nc7 11. Qd2 exd4 12. Nxd4 d5 13. exd5 Ncxd5 14. Nxd5 Nxd5 15.
Bg5 Qb6 16. c3 f6 17. Bxd5+ cxd5 18. Be3 Qd8 19. Kg2 b6 20. b3 Re8 21. Rae1 Qd7
22. Rh1 Bb7 23. h4 h5 24. Qd3 Kf7 25. f3 Rh8 26. Bf4 Rae8 27. Qb5 Qd8 28. Kf2
Ba8 29. Re3 Rxe3 30. Bxe3 Re8 31. Ne2 Re6 32. Nf4 Rd6 33. Bd4 Bh6 34. Qd3 Bxf4
35. gxf4 f5 36. Kg3 Re6 37. Be5 Qe7 38. Qd4 Bb7 39. Rd1 Bc6 40. Qxb6 Bxa4 41.
Qb8 Bc6 42. Ra1 Qc5 43. Qc7+ Re7 44. Qxa5 Qxa5 45. Rxa5 Rb7 46. Ra6 Be8 47. b4
Ke7 48. Kf2 Rb5 49. Ke3 Bf7 50. Kd4 Kd7 51. Bd6 Rb7 52. Bc5 Rb8 53. Ra7+ Ke6
54. Re7+ Kf6 55. Ra7 Rb5 56. Bd6 Ke6 57. Be5 Be8 58. Ra6+ Ke7 59. Bd6+ Kd7 60.
Bc5 Bf7 61. Ke5 Rb7 62. Kf6 Be8 63. Rd6+ Kc8 64. Rxd5 Rf7+ 65. Kg5 Rd7 66. Re5
1-0